| 000 | 01021nam a22002894a 4500 | ||
|---|---|---|---|
| 001 | BIBLIOTECA MUNICIPAL DE BARRANCO | ||
| 007 | ta | ||
| 008 | t pe gr 00| 0 spa d | ||
| 017 | _a2017-15833 | ||
| 020 | _a978-612-4262-89-0 | ||
| 040 | _aBIBLIOTECA MUNICIPAL DE BARRANCO | ||
| 041 | _aspa | ||
| 043 | _cpe | ||
| 082 |
_a869.56008 _b M 2017 |
||
| 245 | _aMitos, leyendas y cuentos peruanos / José María Arguedas, Francisco Izquierdo Ríos, eds. | ||
| 250 | _a1a ed., 1a reimpr. | ||
| 260 |
_aLima : _c2017 |
||
| 300 | _a213 p. ; | ||
| 490 | _aContemporánea / Debolsillo | ||
| 505 | _aCosta: leyendas -- Sierra: mitos, leyendas, cuentos -- Selva: leyendas, cuentos. | ||
| 650 | 0 |
_92331 _aCuentos peruanos - Siglo XX. |
|
| 650 | 0 |
_95281 _aLeyendas-- -Perú-- -Siglo XX. |
|
| 650 | 0 |
_97512 _aFolclore en la literatura. |
|
| 700 |
_97513 _aArguedas, José María, 1911-1969, editor |
||
| 700 |
_97514 _aIzquierdo Ríos, Francisco, 1910-1981, editor (+). |
||
| 942 |
_cBK _e2025-06-09 _zGHÑ |
||
| 999 |
_c10885 _d10885 |
||